|
|
|
|
| LEADER |
01098nam a2200289 a 4500 |
| 001 |
42083 |
| 003 |
BD-DhAAL |
| 005 |
20240110120619.0 |
| 008 |
240109t1982 nyua b 000 0 eng |
| 010 |
|
|
|a 81014122
|
| 020 |
|
|
|a 0393952088 (pbk.)
|
| 040 |
|
|
|a DLC
|c DLC
|d DLC
|d BD-DhAAL
|
| 050 |
0 |
0 |
|a HB172
|b .M6 1982
|
| 082 |
0 |
0 |
|a 338.5
|2 19
|
| 245 |
0 |
0 |
|a Microeconomics, selected readings /
|c edited by Edwin Mansfield.
|
| 250 |
|
|
|a Forth edition
|
| 260 |
|
|
|a New York, N.Y. :
|b Norton,
|c c1982.
|
| 300 |
|
|
|a xii, 555 pages :
|b illustrations ;
|c 24 cm.
|
| 504 |
|
|
|a Includes bibliographical references.
|
| 541 |
|
|
|a Complimentary copy from Professor Dr. Nasreen Khundker
|e 42083
|
| 650 |
|
0 |
|a Microeconomics.
|
| 650 |
|
0 |
|a Economics.
|
| 700 |
1 |
|
|a Mansfield, Edwin.
|
| 852 |
|
|
|a Ayesha Abed Library
|c General Stacks
|
| 942 |
|
|
|2 ddc
|c BK
|
| 999 |
|
|
|c 46281
|d 46281
|
| 952 |
|
|
|0 0
|1 0
|2 ddc
|4 0
|6 338_500000000000000_MIC
|7 0
|9 74922
|a BRACUL
|b BRACUL
|c GEN
|d 2024-01-09
|e Complimentary copy from Professor Dr. Nasreen Khundker
|l 0
|o 338.5 MIC
|p 3010042038
|r 2024-01-09
|t 1
|w 2024-01-09
|y BK
|x Price not Available in the book
|